Enfermedades del tomate: identificar, conocer, controlar
সংরক্ষণ করুন:
| প্রধান লেখক: | , , , |
|---|---|
| বিন্যাস: | গ্রন্থ |
| ভাষা: | স্প্যানিশ |
| প্রকাশিত: |
Madrid
Mundi-Prensa
2011
|
| বিষয়গুলি: | |
| ট্যাগগুলো: |
ট্যাগ যুক্ত করুন
কোনো ট্যাগ নেই, প্রথমজন হিসাবে ট্যাগ করুন!
|
MARC
| LEADER | 00000cam a2200000 a 4500 | ||
|---|---|---|---|
| 001 | UCF5020 | ||
| 003 | CL-VaPUC | ||
| 008 | 130110e20110000SP |||||||||||||||||spa|d | ||
| 020 | |a 9788484764274 | ||
| 082 | 0 | 4 | |a 635.6429 |b BLA |2 21 |
| 100 | 0 | |a Blancard, Dominique |e author |9 566740 | |
| 700 | 0 | |a Laterrot, Henri |e author |9 566741 | |
| 700 | 0 | |a Marchoux, Georges |e author |9 566742 | |
| 700 | 0 | |a Candresse, Thierry |e author |9 566743 | |
| 245 | 1 | 0 | |a Enfermedades del tomate: identificar, conocer, controlar |
| 300 | |a 679 p | ||
| 942 | |c BK | ||
| 945 | |d 20130110 00:00:00 |a dcastane | ||
| 260 | |a Madrid |b Mundi-Prensa |c 2011 | ||
| 650 | 0 | |a Enfermedades de las plantas |9 259687 | |
| 650 | 7 | |a ENFERMEDADES BACTERIANAS |2 CL-VaPUC |9 566744 | |
| 650 | 7 | |a ENFERMEDADES FUNGOSAS |2 CL-VaPUC |9 340452 | |
| 650 | 7 | |a PLAGAS |2 CL-VaPUC |9 264624 | |
| 650 | 0 | |a Control de plagas |9 327373 | |
| 583 | |a last modification |c 20130110 11:00:00 |k Rodrigo Vera | ||
| 999 | |c 350655 |d 350653 | ||
| 952 | |0 0 |1 0 |4 0 |6 635_642900000000000_BLA_2011 |7 0 |8 A |9 454206 |a BIBAGR |b BIBAGR |d 2019-11-22 |i 4942531 |o 635.6429 BLA 2011 |p 4942531 |r 2025-01-20 |w 2019-11-22 |y BK |k AGR | ||
| 952 | |0 0 |1 0 |3 erd |4 0 |6 635_642900000000000_BLA_2011 |7 0 |8 A |9 454207 |a BIBAGR |b BIBAGR |i 5290570 |l 1 |o 635.6429 BLA 2011 |p 5290570 |r 2025-03-25 |s 2025-03-18 |w 2019-11-22 |y BK |z Catalogado en:20160603 |k AGR | ||